| 000 | 01460nam a2200337 i 4500 | ||
|---|---|---|---|
| 001 | 000046626 | ||
| 003 | DO-SdBNP | ||
| 005 | 20240312192335.0 | ||
| 007 | ta | ||
| 008 | 170512s2017 dr ac 000 0 spa d | ||
| 020 | _a9789945088588 | ||
| 040 |
_aDO-SdBNP _bspa _cBNPHU _erda |
||
| 082 | 4 |
_aRD861.4 _bC287p _222 |
|
| 100 | 1 |
_a Carmen Natalia, _d 1917-1976 _eautora _929216 |
|
| 245 | 1 | 0 |
_aCarmen Natalia : _bpoemas / _cNatalia Carmen ; [compilación] y edición, Ilonka Nacidit Perdomo. |
| 264 |
_aSanto Domingo : _bSantuario, _c2017. |
||
| 300 |
_a85 páginas : _bilustraciones, retratos ; _c24 cm. |
||
| 336 |
_2rdacontent _atexto _btxt |
||
| 337 |
_2rdamedia _asin mediación _bn |
||
| 338 |
_2rdacarrier _avolumen _bnc |
||
| 490 | 0 | _aIn memoriam | |
| 500 | _aLos poemas de Carmen Natalia que integran esta selección editada para la conmemoración del centenario de su nacimiento 1917-2017 | ||
| 500 | _aIncluye datos biográficos de la autora: p. 81-85 | ||
| 505 | 0 |
_aAlfarero celete -- _tCanción de la vida insólita -- _tNofue porque yo quise... _tLa miseria esta de ronda -- _tGrito -- _tLlanto sin término por el hijo natural nunca llegado -- _tUn hombre tras las rejas -- _tCarmen Natalia datos biográficos |
|
| 590 | _aInventariado, 2018/VM | ||
| 650 | 4 | _aPoesía dominicana | |
| 650 | 4 | _aLiteratura dominicana | |
| 700 | 1 |
_aNacidit Perdomo, Ilonka, _ecompilación _974622 |
|
| 910 | _aValidado. Control de calidad MFF | ||
| 942 |
_2ddc _cLBS1 |
||
| 999 |
_c46115 _d46115 |
||